| 000 -LEADER |
| fixed length control field |
00620nam a2200229Ia 4500 |
| 001 - CONTROL NUMBER |
| control field |
894 |
| 003 - CONTROL NUMBER IDENTIFIER |
| control field |
GE_BSU |
| 008 - FIXED-LENGTH DATA ELEMENTS--GENERAL INFORMATION |
| fixed length control field |
181216s||||||||xx |||||||||||||| ||und|| |
| 020 ## - INTERNATIONAL STANDARD BOOK NUMBER |
| International Standard Book Number |
5238008236 |
| 040 ## - CATALOGING SOURCE |
| Transcribing agency |
GE_BSU |
| 080 ## - UNIVERSAL DECIMAL CLASSIFICATION NUMBER |
| Universal Decimal Classification number |
374.7(075.8) |
| 100 ## - MAIN ENTRY--PERSONAL NAME |
| Personal name |
Громкова,М.Т. |
| 245 ## - TITLE STATEMENT |
| Title |
Андрагогика. |
| 245 ## - TITLE STATEMENT |
| Remainder of title |
Теория и практика образования взрослых. для студ.высш.учеб.завед. |
| 260 ## - PUBLICATION, DISTRIBUTION, ETC. |
| Place of publication, distribution, etc. |
Москва |
| 260 ## - PUBLICATION, DISTRIBUTION, ETC. |
| Name of publisher, distributor, etc. |
ЮНИТИ |
| 260 ## - PUBLICATION, DISTRIBUTION, ETC. |
| Date of publication, distribution, etc. |
2005 |
| 300 ## - PHYSICAL DESCRIPTION |
| Extent |
495 с. |
| 653 ## - INDEX TERM--UNCONTROLLED |
| Uncontrolled term |
Андрагогика |
| 942 ## - ADDED ENTRY ELEMENTS (KOHA) |
| Koha item type |
წიგნი |